LEADER 01118nam0 22002891i 450 001 UON00139195 005 20231205102834.224 100 $a20020107d1977 |0itac50 ba 101 $afre 102 $aKP 105 $a|||| 1|||| 200 1 $aA propos de l'edification d'une economie nationale independante$fKim Il Sung 205 $aPyongyang : Editions en Langues Etrangères$b1977 210 $a162 p.$a15 cm 215 $aExtraits 606 $aEconomia$xCorea$3UONC003561$2FI 620 $dPyongyang$3UONL000199 686 $aCOR XII$cCOREA - ECONOMIA$2A 700 0$aKIM Il Sung$3UONV002768$072117 712 $aForeign Languages Press$3UONV246351$4650 790 0$aKIM Il Song$zKIM Il Sung$3UONV160159 801 $aIT$bSOL$c20250704$gRICA 899 $aSIBA - SISTEMA BIBLIOTECARIO DI ATENEO$2UONSI 912 $aUON00139195 950 $aSIBA - SISTEMA BIBLIOTECARIO DI ATENEO$dSI COR XII 009 $eSI SA 8629 5 009 996 $aA propos de l'edification d'une economie nationale independante$91280321 997 $aUNIOR